000 00569nam a2200181Ia 4500
003 IN-BaIIA
008 211028s9999 xx 000 0 eng d
020 _a0-14-333499-9
040 _cIIA Library
080 _a3(540)
_bABD
100 _aAbdul Kalam, A. P. J.
_922616
245 0 _aMission India
_ba vision for Indian youth
_cA. P. J. Abdul Kalam
260 _aNew Delhi
_bPuffin Books
_c2005
300 _aviii, 103p.
650 _aIndia-Forecasting
_929438
650 _aTwenty First Century- Forecasts
_928793
942 _cBK
999 _c15945
_d15945